[Event "COL-ch U16 sf1"]
[Site "Riohacha"]
[Date "2018.03.07"]
[Round "1.14"]
[White "Arrendondo Madero, Gianluca"]
[Black "Rico Velasco, Juliana Sofia"]
[Result "0-1"]
[WhiteElo "1500"]
[BlackElo "1077"]
[PlyCount "40"]
[EventDate "2018.03.07"]
[EventType "swiss"]
[EventRounds "6"]
[EventCountry "COL"]
[SourceTitle "EXT 2024"]
[Source "ChessBase"]
[SourceDate "2023.10.10"]
[SourceVersion "1"]
[SourceVersionDate "2023.10.10"]
[SourceQuality "1"]

1. e4 c5 2. Nf3 d6 3. Nc3 Nf6 4. Bc4 a6 5. d3 e6 6. 0-0 Be7 7. Bf4 e5 8. Bg3 Bg4 9. h3 Bh5 10. Nd5 b5 11. Bb3 Nc6 12. Nxf6+ Bxf6 13. Re1 0-0 14. c3 b4 15. Rc1 a5 16. cxb4 axb4 17. Bd5 Qd7 18. h4 Rac8 19. Nd2 Bxd1 20. Rexd1 Qd8 0-1